000
00201 a2200097 4500
001
17759
100
_a
Unesco
245
_a
New trends om phy. teaching
260
_a
_b
Unesco
_c
090
_c
13128
_d
13128
942
_a
NUST-CAE
_c
M
_c
3479
999
_c
252832
_d
252832